Loading...
Science - Other Science | 0 | 3 | 0 | 1 | 30 | 67 | 103.33 | 0 | 1 |
Literature - European Literature | 0 | 2 | 0 | 0 | 20 | 98 | 114.00 | 0 | 0 |
Mythology | 0 | 3 | 2 | 1 | 20 | 19 | 69.33 | 1 | 2 |
Literature - World/Other Literature | 0 | 1 | 0 | 0 | 10 | 128 | 128.00 | 0 | 0 |
Fine Arts - Classical Music | 0 | 1 | 0 | 0 | 10 | 70 | 70.00 | 0 | 1 |
Fine Arts - Visual Fine Arts | 0 | 1 | 0 | 1 | 10 | 124 | 124.00 | 0 | 0 |
Literature - British Literature | 0 | 1 | 0 | 0 | 10 | 64 | 64.00 | 1 | 1 |
Science - Biology | 0 | 1 | 1 | 1 | 5 | 125 | 125.00 | 0 | 0 |
Science - Physics | 0 | 1 | 1 | 0 | 5 | 62 | 62.00 | 0 | 1 |
History - World History | 0 | 0 | 0 | 0 | 0 | 0.00 | 0 | 0 | |
History - Other History | 0 | 0 | 1 | 0 | -5 | 0.00 | 0 | 0 | |
Social Science | 0 | 0 | 1 | 0 | -5 | 0.00 | 0 | 0 |